Elementary Human Anatomy and Physiology (Record no. 8862)

MARC details
000 -LEADER
fixed length control field 00364nam a22001457a 4500
003 - CONTROL NUMBER IDENTIFIER
control field OSt
008 - FIXED-LENGTH DATA ELEMENTS--GENERAL INFORMATION
fixed length control field 200713b ||||| |||| 00| 0 eng d
100 ## - MAIN ENTRY--PERSONAL NAME
Personal name Raghunandanan, V
245 ## - TITLE STATEMENT
Title Elementary Human Anatomy and Physiology
250 ## - EDITION STATEMENT
Edition statement 2020
260 ## - PUBLICATION, DISTRIBUTION, ETC. (IMPRINT)
Place of publication, distribution, etc New Delhi
Name of publisher, distributor, etc Vallabh Pra.
300 ## - PHYSICAL DESCRIPTION
Extent 295
650 ## - SUBJECT ADDED ENTRY--TOPICAL TERM
Topical term or geographic name as entry element Human Anatomy and Physiology
942 ## - ADDED ENTRY ELEMENTS (KOHA)
Source of classification or shelving scheme Dewey Decimal Classification
Koha item type Text Books
942 ## - ADDED ENTRY ELEMENTS (KOHA)
-- 1
Holdings
Withdrawn status Lost status Source of classification or shelving scheme Damaged status Not for loan Collection code Home library Current library Date acquired Source of acquisition Currency Cost, normal purchase price Bill Number Total Checkouts Full call number Acc. no. / Barcode Date last seen Date last borrowed Actual Cost, discounted price Bill Date Koha item type
    Dewey Decimal Classification     B.Pharma PIET C-LIBRARY PIET C-LIBRARY 11/02/2020 Kirti Prakashan Rupees 230.00 IN6378 1 612 RAE BP1280 15/04/2021 05/04/2021 186.30 11/02/2020 Reference Books
    Dewey Decimal Classification     B.Pharma PIET C-LIBRARY PIET C-LIBRARY 11/02/2020 Kirti Prakashan Rupees 230.00 IN6378   612 RAE BP1281 13/07/2020   186.30 11/02/2020 Text Books
    Dewey Decimal Classification     B.Pharma PIET C-LIBRARY PIET C-LIBRARY 11/02/2020 Kirti Prakashan Rupees 230.00 IN6378   612 RAE BP1282 13/07/2020   186.30 11/02/2020 Text Books

Design & Developed by: PIET Central Library
R70 Miles Stone Pattikalyana Samalkha Panipat 132102
mail ID :- [email protected], Phone No:- 0180-2569700 Ex.216